Acción de nulidad del reconocimiento de paternidad: doctrina y jurisprudencia
Na minha lista:
| Autor principal: | |
|---|---|
| Formato: | Livro |
| Idioma: | espanhol |
| Publicado em: |
Santiago
Hammurabi
2018
|
| Edição: | 1a. ed |
| coleção: | Estudios de Derecho Familiar
|
| Assuntos: | |
| Tags: |
Adicionar Tag
Sem tags, seja o primeiro a adicionar uma tag!
|
MARC
| LEADER | 00000cam a2200000 a 4500 | ||
|---|---|---|---|
| 001 | UCC6204 | ||
| 003 | CL-VaPUC | ||
| 008 | 181123e20180000cl |||||||||||||||||spa|d | ||
| 020 | |a 9789560914194 | ||
| 082 | 0 | 4 | |a 346.017 |b ROD |2 21 |
| 100 | 0 | |a Rodríguez Gómez, Claudia Paz |e author |9 600634 | |
| 245 | 1 | 0 | |a Acción de nulidad del reconocimiento de paternidad: doctrina y jurisprudencia |
| 250 | |a 1a. ed | ||
| 300 | |a 183 p | ||
| 942 | |c BK | ||
| 945 | |d 20181123 16:12:00 |a dcastane | ||
| 260 | |a Santiago |b Hammurabi |c 2018 | ||
| 650 | 0 | |a Adopción |9 255783 | |
| 650 | 0 | |a Nulidad |9 256755 | |
| 650 | 0 | |a Peternidad |9 254922 | |
| 650 | 0 | |a Derecho de familia |9 255603 | |
| 583 | |a last modification |c 20181123 16:12:00 |k Rodrigo Vera | ||
| 490 | 0 | |a Estudios de Derecho Familiar | |
| 999 | |c 373199 |d 373197 | ||
| 952 | |0 0 |1 0 |3 erb |4 0 |6 346_017000000000000_ROD_2018 |7 0 |8 A |9 491200 |a BIBDER |b BIBDER |i 5517257 |o 346.017 ROD 2018 |p 5517257 |r 2023-01-25 |w 2019-11-24 |y BK |z Catalogado en:20181123 |k DER | ||